[Event "RUS-chT Seniors"]
[Site "Sochi"]
[Date "2018.05.09"]
[Round "9.4"]
[White "Avedisyan, Andrey"]
[Black "Vasiliev, Sergey N"]
[Result "0-1"]
[WhiteElo "1726"]
[BlackElo "1945"]
[PlyCount "68"]
[EventDate "2018.05.01"]
[EventType "team-tourn"]
[EventRounds "10"]
[EventCountry "RUS"]
[SourceTitle "EXT 2019"]
[Source "ChessBase"]
[SourceDate "2018.10.10"]
[SourceVersion "1"]
[SourceVersionDate "2018.10.10"]
[SourceQuality "1"]
[WhiteTeam "Sochi Center"]
[BlackTeam "Tatarstan Castle"]
[WhiteTeamCountry "RUS"]
[BlackTeamCountry "RUS"]

1. e4 c5 2. Nf3 d6 3. d4 cxd4 4. Nxd4 Nf6 5. Nc3 a6 6. f3 e6 7. Be3 Be7 8. Qd2 Qc7 9. 0-0-0 Nc6 10. g4 b5 11. g5 Nd7 12. f4 Nc5 13. Nxc6 Qxc6 14. Qd4 0-0 15. Bg2 Rb8 16. Rhg1 b4 17. e5 d5 18. Bxd5 Qc7 19. Ne4 Nxe4 20. Bxe4 b3 21. a3 Bb7 22. Bd3 bxc2 23. Bxc2 Rfc8 24. Qd3 g6 25. Rd2 Bd5 26. Bd4 Qc6 27. Bc3 Bc5 28. Re1 Qb6 29. h4 Bb3 30. Bxb3 Qxb3 31. h5 Bxa3 32. Kb1 Rxc3 33. Qd8+ Rxd8 34. Rxd8+ Bf8 0-1